Word Ladder: Queen Albums Quiz Stats

 Plays Quiz Updated Feb 18, 2018

Challenge
Share
Tweet
Embed
Score 0/20 Timer 02:00
3 Plays Today
Clue 4-Letter Word % Correct
Merlot or chardonnay, e.g.WINE
91.9%
Get smaller, like the moonWANE
87.9%
Home for a birdNEST
87.7%
Walk into a body of waterWADE
86.9%
A place where coins are createdMINT
86.3%
Half a quartPINT
85.7%
An annoyancePEST
82.2%
Kept inside, with 'up'PENT
80.3%
The complex elements of brain-based reasoningMIND
76.6%
• 1995 Queen album: ' ___ in Heaven'• MADE •
74.3%
Clue 4-Letter Word % Correct
Eliot, the UntouchableNESS
73.7%
• 1986 Queen album: 'A ___ of Magic' •• KIND •
69.6%
Cattle, BiblicallyKINE
60.5%
An intense stareGAZE
51.5%
Tear downRAZE
47.6%
• 1980 Queen album: 'The ___' •• GAME •
44.4%
• 1978 Queen album •• JAZZ •
43.1%
Musical with 'We Need a Little Christmas'MAME
41.4%
• 1978 Queen album: '___ of the World' •• NEWS •
40.6%
HeckleRAZZ
37.4%

Today's Daily Dose

Word Ladder
Anchorman

Get the Picture
'Head' Bands

You're not logged in!

Compare scores with friends on all Sporcle quizzes.
OR
Log In

You Might Also Like...

Show Comments

Extras

Top Quizzes Today


Score Distribution

Your Account Isn't Verified!

In order to create a playlist on Sporcle, you need to verify the email address you used during registration. Go to your Sporcle Settings to finish the process.

Report this User

Report this user for behavior that violates our Community Guidelines.

Details: